[Event "AUT9798"]
[Site "Eichgraben"]
[Date "1997.11.07"]
[Round "3"]
[White "Volkmann, F."]
[Black "Nielsen, PH."]
[Result "0-1"]
[WhiteElo "2395"]
[BlackElo "2515"]
[PlyCount "42"]
[EventDate "1997.11.09"]

1. e4 c5 2. Nf3 d6 3. d4 cxd4 4. Nxd4 Nf6 5. Nc3 e6 6. Be2 Nc6 7. O-O Be7 8.
Be3 Bd7 9. Ndb5 Qb8 10. a4 O-O 11. g4 a6 12. Na3 d5 13. exd5 Nb4 14. dxe6 Bxe6
15. g5 Nfd5 16. Nxd5 Nxd5 17. Qd2 Rd8 18. Bd3 Bh3 19. Rfe1 Qc8 20. Bf4 Bb4 21.
c3 Bxa3 0-1

[Event "AUT9798"]
[Site "Eichgraben"]
[Date "1997.11.07"]
[Round "3"]
[White "Baumegger, S."]
[Black "Schroll, G."]
[Result "1/2-1/2"]
[WhiteElo "2485"]
[BlackElo "2405"]
[PlyCount "114"]
[EventDate "1997.11.09"]

1. d4 f5 2. Nc3 d5 3. Bf4 Nf6 4. e3 c6 5. Bd3 e6 6. Nf3 Bd6 7. O-O O-O 8. Ne2
Qe7 9. c4 Nbd7 10. cxd5 Nxd5 11. Bxd6 Qxd6 12. Bc4 b6 13. Qb3 Bb7 14. Rfd1 a5
15. Bxd5 cxd5 16. Nf4 Rfc8 17. Rdc1 Ba6 18. Qd1 Rc4 19. Nd3 Rac8 20. Nde5 R4c7
21. Rxc7 Qxc7 22. Nxd7 Qxd7 23. Rc1 Rxc1 24. Qxc1 Qc8 25. Qxc8+ Bxc8 26. Kf1
Kf7 27. Ke1 Ke7 28. Kd2 Ba6 29. Kc3 Bc4 30. Nd2 Bb5 31. b4 axb4+ 32. Kxb4 Be2
33. a4 Kd6 34. a5 bxa5+ 35. Kxa5 Bd1 36. Kb6 g5 37. f4 g4 38. Nb1 Be2 39. Nc3
Bf1 40. g3 Bc4 41. Na4 Bb3 42. Nc5 Bc4 43. Nb7+ Kd7 44. Kc5 Bd3 45. Nd6 Bc2 46.
Nf7 Ke7 47. Ne5 Ba4 48. Nd3 Bc2 49. Ne5 Ba4 50. Kb6 Kd6 51. Kb7 Be8 52. Kc8 Ke7
53. Kc7 Bb5 54. Nc6+ Bxc6 55. Kxc6 Kf8 56. Kd7 Kf7 57. Kc7 Kg7 1/2-1/2

[Event "AUT9798"]
[Site "Eichgraben"]
[Date "1997.11.07"]
[Round "3"]
[White "Neulinger, M."]
[Black "Freitag, M."]
[Result "1/2-1/2"]
[WhiteElo "2310"]
[BlackElo "2390"]
[PlyCount "26"]
[EventDate "1997.11.09"]

1. e4 e5 2. Nf3 Nc6 3. Bb5 Nf6 4. O-O Nxe4 5. Re1 Nd6 6. Nxe5 Be7 7. Bf1 O-O 8.
d4 Nf5 9. c3 Nxe5 10. Rxe5 d6 11. Re1 d5 12. Bf4 Bd6 13. Qf3 Nh4 1/2-1/2

[Event "AUT9798"]
[Site "Eichgraben"]
[Date "1997.11.07"]
[Round "3"]
[White "Postl, A."]
[Black "Posch, W."]
[Result "1-0"]
[WhiteElo "2275"]
[BlackElo "2275"]
[PlyCount "39"]
[EventDate "1997.11.09"]

1. d4 d5 2. c4 Bf5 3. cxd5 Bxb1 4. Rxb1 Qxd5 5. Qa4+ Nc6 6. e3 O-O-O 7. Nf3 e5
8. b4 Nxd4 9. Nxd4 exd4 10. Qxa7 dxe3 11. Qa8+ Kd7 12. Qa4+ Kc8 13. Bxe3 Bd6
14. Bb5 c6 15. Qa8+ Bb8 16. Bxc6 bxc6 17. Qa6+ Kc7 18. Bb6+ Kd7 19. Rd1 Re8+
20. Be3 1-0

[Event "AUT9798"]
[Site "Eichgraben"]
[Date "1997.11.07"]
[Round "3"]
[White "Wiedner, R."]
[Black "Thallinger, G."]
[Result "1/2-1/2"]
[WhiteElo "2230"]
[BlackElo "2205"]
[PlyCount "102"]
[EventDate "1997.11.09"]

1. c4 e6 2. e3 d5 3. Nf3 Nf6 4. Be2 Bd6 5. Qc2 c6 6. Nc3 O-O 7. d4 Nbd7 8. cxd5
exd5 9. Bd2 Re8 10. O-O-O b5 11. Rdg1 Nb6 12. Bd3 b4 13. Ne2 Bd7 14. Kb1 Rc8
15. Ne5 c5 16. Nxd7 Nbxd7 17. dxc5 Nxc5 18. Bf5 Rc7 19. Be1 Qb8 20. Nd4 Qb6 21.
g4 g6 22. g5 Nfd7 23. Bxd7 Nxd7 24. Qb3 Qb7 25. Bd2 a5 26. Qa4 Rb8 27. Rc1 Rc5
28. Nb3 Rc4 29. Rhd1 Ra8 30. Be1 Nc5 31. Nxc5 Rxc5 32. h4 Bf8 33. Rxc5 Bxc5 34.
Qb3 Rd8 35. a4 Qe7 36. Qd3 Qd6 37. Qb5 Qb6 38. Qxb6 Bxb6 39. Kc2 Kf8 40. Kd3
Rc8 41. Bd2 Ke7 42. b3 Ke6 43. Rh1 Kf5 44. f3 Rc6 45. Rc1 Rxc1 46. Bxc1 Ke6 47.
Bd2 f6 48. Bc1 Bd8 49. f4 f5 50. Bb2 Bb6 51. Be5 Kd7 1/2-1/2

[Event "AUT9798"]
[Site "Eichgraben"]
[Date "1997.11.07"]
[Round "3"]
[White "Dizdar, G."]
[Black "Stajcic, N."]
[Result "1-0"]
[WhiteElo "2545"]
[BlackElo "2315"]
[PlyCount "35"]
[EventDate "1997.11.09"]

1. d4 Nf6 2. Nf3 d5 3. c4 c6 4. Nc3 dxc4 5. a4 Bf5 6. Ne5 e6 7. f3 Nfd7 8. Nxc4
e5 9. e4 exd4 10. Qxd4 Be6 11. Bf4 Bxc4 12. Bxc4 Na6 13. Bxa6 bxa6 14. O-O-O
Qc8 15. Bd6 Bxd6 16. Qxd6 Qb7 17. Rd2 O-O-O 18. Nd5 1-0

[Event "AUT9798"]
[Site "Eichgraben"]
[Date "1997.11.07"]
[Round "3"]
[White "Fahrner, K."]
[Black "Duer, A."]
[Result "1/2-1/2"]
[WhiteElo "2325"]
[BlackElo "2405"]
[PlyCount "55"]
[EventDate "1997.11.09"]

1. c4 e5 2. g3 d6 3. Bg2 g6 4. Nc3 Bg7 5. Nf3 Nf6 6. O-O O-O 7. b4 Re8 8. a4
Nbd7 9. Ba3 Nf8 10. Qb3 h6 11. Rad1 Rb8 12. d4 e4 13. Ne1 Bf5 14. Nc2 Qd7 15.
Rfe1 Bh3 16. Bh1 N8h7 17. Ne3 Ng5 18. Bc1 Kh7 19. Ned5 Nxd5 20. Nxd5 Bf5 21.
Ne3 Bh3 22. Nd5 Bf5 23. b5 Rbd8 24. Ne3 Bh3 25. Nd5 Bf5 26. Ne3 Bh3 27. Nd5 Bf5
28. Ne3 1/2-1/2

[Event "AUT9798"]
[Site "Eichgraben"]
[Date "1997.11.07"]
[Round "3"]
[White "Duer, W."]
[Black "Ebner, H."]
[Result "1-0"]
[WhiteElo "2330"]
[BlackElo "2295"]
[PlyCount "83"]
[EventDate "1997.11.09"]

1. d4 g6 2. e4 Bg7 3. Nf3 d6 4. c3 Nf6 5. Bd3 O-O 6. O-O Nc6 7. Qe2 e5 8. dxe5
dxe5 9. Rd1 Nh5 10. Bg5 Qe8 11. Qe3 f5 12. exf5 gxf5 13. Bc4+ Be6 14. Na3 e4
15. Nd4 Bxc4 16. Nxc4 Ne5 17. Nxe5 Bxe5 18. Bh6 Rf6 19. Bg5 Rf7 20. Qh3 Ng7 21.
Bh6 f4 22. Bxg7 Bxg7 23. Ne6 Qe7 24. Rd5 Rf6 25. Nxg7 Qxg7 26. Rd7 Qg6 27. Rad1
Re8 28. Rd8 e3 29. fxe3 fxe3 30. Rxe8+ Qxe8 31. Qg4+ Rg6 32. Qc4+ Qf7 33. Rd8+
Kg7 34. Qd4+ Rf6 35. Rd7 e2 36. Rxf7+ Kxf7 37. Qd7+ Kf8 38. Qd8+ Kg7 39. Qxc7+
Kg6 40. Qg3+ Kf7 41. Qe1 Re6 42. Kf2 1-0

[Event "AUT9798"]
[Site "Eichgraben"]
[Date "1997.11.07"]
[Round "3"]
[White "Loebler, H."]
[Black "Gerhold, M."]
[Result "1/2-1/2"]
[WhiteElo "2255"]
[BlackElo "2270"]
[PlyCount "48"]
[EventDate "1997.11.09"]

1. d4 Nf6 2. c4 e6 3. Nc3 Bb4 4. Qc2 d5 5. cxd5 Qxd5 6. Nf3 Qf5 7. Qxf5 exf5 8.
a3 Be7 9. g3 c6 10. Bg2 Nbd7 11. O-O Nb6 12. Ne5 Nfd5 13. Nxd5 Nxd5 14. b4 Be6
15. Bd2 Bf6 16. Rab1 Bxe5 17. dxe5 O-O 18. Rfc1 Rac8 19. Rc5 Nb6 20. Rbc1 a6
21. f4 Na4 22. Ra5 Nb6 23. Rac5 Rfd8 24. Be3 Na4 1/2-1/2

[Event "AUT9798"]
[Site "Eichgraben"]
[Date "1997.11.07"]
[Round "3"]
[White "Fischler, W."]
[Black "Kastner, W."]
[Result "1/2-1/2"]
[WhiteElo "2355"]
[BlackElo "2265"]
[PlyCount "38"]
[EventDate "1997.11.09"]

1. e4 e6 2. d4 d5 3. Nc3 Bb4 4. e5 c5 5. a3 Bxc3+ 6. bxc3 Qc7 7. Nf3 Ne7 8. a4
Nbc6 9. Be2 cxd4 10. cxd4 Nb4 11. O-O Qxc2 12. Qe1 a5 13. Bb5+ Bd7 14. Bd2 Bxb5
15. axb5 Nd3 16. Qe2 Nf5 17. Ra3 Nf4 18. Qe1 Nd3 19. Qe2 Nf4 1/2-1/2

[Event "AUT9798"]
[Site "Eichgraben"]
[Date "1997.11.07"]
[Round "3"]
[White "Spindelboeck, G."]
[Black "Pilz, D."]
[Result "0-1"]
[WhiteElo "2200"]
[BlackElo "2250"]
[PlyCount "78"]
[EventDate "1997.11.09"]

1. d4 Nf6 2. c4 e6 3. g3 c5 4. d5 exd5 5. cxd5 b5 6. a4 Bb7 7. Bg2 a6 8. Nh3 d6
9. O-O Nbd7 10. e4 Be7 11. b3 O-O 12. Bb2 Rb8 13. Nd2 Re8 14. f4 Bf8 15. g4 Nb6
16. g5 Nfxd5 17. exd5 Nxd5 18. Bxd5 Bxd5 19. axb5 axb5 20. Nf2 Bb7 21. Qg4 Qb6
22. Rfe1 Qc6 23. f5 d5 24. Nf3 d4 25. Nh4 Re3 26. g6 Rbe8 27. gxf7+ Kxf7 28.
Rf1 Re2 29. Rab1 Kg8 30. Qg2 Qd7 31. Qg4 Qd5 32. f6 R8e5 33. Bc1 Kh8 34. fxg7+
Bxg7 35. Bf4 Re8 36. Nf5 Bf6 37. Nh6 d3 38. h4 Bd4 39. Kh2 Bxf2 0-1

[Event "AUT9798"]
[Site "Eichgraben"]
[Date "1997.11.07"]
[Round "3"]
[White "Schlosser, M."]
[Black "Weinzettl, E."]
[Result "1/2-1/2"]
[WhiteElo "2350"]
[BlackElo "2410"]
[PlyCount "89"]
[EventDate "1997.11.09"]

1. e4 e6 2. d4 d5 3. Nc3 Nf6 4. e5 Nfd7 5. f4 c5 6. Nf3 Nc6 7. Be3 Qb6 8. a3
cxd4 9. Nxd4 Bc5 10. Na4 Qa5+ 11. c3 Bxd4 12. Bxd4 Nxd4 13. Qxd4 b6 14. Qb4
Qxb4 15. axb4 f6 16. exf6 gxf6 17. c4 d4 18. c5 bxc5 19. bxc5 Rb8 20. Bc4 Ke7
21. O-O Rb4 22. b3 Bb7 23. Rfe1 e5 24. Nb2 a6 25. Nd3 Rxc4 26. bxc4 e4 27. c6
Bxc6 28. Rxa6 Nb8 29. Rb6 Ba8 30. Nc5 f5 31. Ra1 Bc6 32. Ra7+ Kd6 33. Nb7+ Ke6
34. Na5 Kd6 35. Nb7+ Ke6 36. Na5 Kd6 37. Rf7 Kc5 38. Rb1 d3 39. Rxf5+ Kd4 40.
Rxb8 Rxb8 41. Nxc6+ Kxc4 42. Re5 d2 43. Rxe4+ Kd3 44. Rd4+ Ke3 45. g3 1/2-1/2

[Event "AUT9798"]
[Site "Eichgraben"]
[Date "1997.11.03"]
[Round "3"]
[White "Plank, F."]
[Black "Danner, G."]
[Result "1/2-1/2"]
[WhiteElo "2260"]
[BlackElo "2415"]
[PlyCount "42"]
[EventDate "1997.11.09"]

1. d4 Nf6 2. Nc3 d5 3. Qd3 g6 4. e4 dxe4 5. Nxe4 Bg7 6. Nf3 Nxe4 7. Qxe4 O-O 8.
c3 Nd7 9. Be3 Nf6 10. Qh4 Ng4 11. Bd2 Qd6 12. h3 Nf6 13. Be2 c5 14. O-O cxd4
15. Nxd4 e5 16. Nf3 Qb6 17. b3 Nd5 18. Bc4 Nf4 19. Rfe1 Bf6 20. Qh6 Bg7 21. Qh4
Bf6 1/2-1/2

[Event "AUT9798"]
[Site "Eichgraben"]
[Date "1997.11.07"]
[Round "3"]
[White "Schwarz, M."]
[Black "Schneider_Zinner, H."]
[Result "1-0"]
[WhiteElo "2400"]
[BlackElo "2265"]
[PlyCount "67"]
[EventDate "1997.11.09"]

1. c4 b6 2. Nf3 Bb7 3. g3 Bxf3 4. exf3 c5 5. d4 Nc6 6. dxc5 bxc5 7. f4 g6 8.
Bg2 Rc8 9. O-O Bg7 10. Qa4 Nh6 11. Nc3 Nf5 12. Be3 Qb6 13. Rab1 e6 14. Rfd1 O-O
15. Nb5 Rfd8 16. Nd6 Nxd6 17. Rxd6 Qc7 18. Rd3 d6 19. a3 Nd4 20. Kf1 Rb8 21. b4
Rb6 22. b5 a6 23. Bxd4 axb5 24. cxb5 Bxd4 25. Qc2 Qa7 26. Bc6 d5 27. a4 Rbb8
28. Ra3 Qa5 29. Rd1 Qb4 30. Ra2 Bc3 31. a5 Rxb5 32. Bxb5 Qxb5+ 33. Qd3 Qb3 34.
Rc2 1-0

[Event "AUT9798"]
[Site "Eichgraben"]
[Date "1997.11.07"]
[Round "3"]
[White "Stuhlik, M."]
[Black "Frosch, E."]
[Result "1/2-1/2"]
[WhiteElo "2225"]
[BlackElo "2310"]
[PlyCount "113"]
[EventDate "1997.11.09"]

1. Nf3 b6 2. g3 Bb7 3. Bg2 e6 4. O-O Nf6 5. c4 Be7 6. Nc3 O-O 7. d4 d6 8. d5 e5
9. e4 a5 10. Ne1 Na6 11. Nd3 Nd7 12. f4 exf4 13. gxf4 Bf6 14. e5 dxe5 15. Ne4
exf4 16. Nxf6+ Qxf6 17. Rxf4 Qd6 18. Rg4 f5 19. Bf4 Qf6 20. Bg5 Qf7 21. Rg3
Rfe8 22. Nf4 Nf8 23. Ne6 g6 24. Bh6 Nd7 25. Qd4 Qf6 26. Qf4 Qe5 27. Qh4 Qf6 28.
Qf4 Qe5 29. Qf2 Ndc5 30. Bg7 Qd6 31. Nd4 f4 32. Rg5 Nd3 33. Qd2 Nac5 34. Nf5
Qd7 35. Bd4 Ne5 36. Nh6+ Kg7 37. Qxf4 Ncd3 38. Qg3 Kxh6 39. Bh3 Qd6 40. Qe3 Kg7
41. Qxd3 Kg8 42. Qc3 Nf7 43. Rg3 c6 44. Rf1 c5 45. Qf3 Rf8 46. Bc3 Ng5 47. Qg4
Nxh3+ 48. Qxh3 Rxf1+ 49. Qxf1 Rf8 50. Rf3 Rxf3 51. Qxf3 Bc8 52. Qf6 Qxf6 53.
Bxf6 Kf7 54. Bd8 Ba6 55. b3 b5 56. cxb5 Bxb5 57. Bxa5 1/2-1/2

[Event "AUT9798"]
[Site "Eichgraben"]
[Date "1997.11.07"]
[Round "3"]
[White "Kotz, H P."]
[Black "Hadjieff, D."]
[Result "1-0"]
[WhiteElo "2275"]
[BlackElo "2215"]
[PlyCount "89"]
[EventDate "1997.11.09"]

1. e4 d5 2. exd5 Qxd5 3. Nc3 Qa5 4. d4 Nf6 5. Nf3 Nc6 6. Bb5 Bd7 7. O-O O-O-O
8. h3 a6 9. Bc4 Be8 10. Ne2 e5 11. c3 e4 12. b4 Qb6 13. Nd2 Bd6 14. Qc2 Ne7 15.
Nxe4 Nxe4 16. Qxe4 Bc6 17. Qd3 f5 18. Nf4 Be4 19. Qe2 Rhe8 20. Re1 g5 21. Nh5
h6 22. Ng7 Rf8 23. Ne6 Rf6 24. Nc5 Bc6 25. d5 Bb5 26. Be3 Nxd5 27. Nd7 Qc6 28.
Bxb5 axb5 29. Nxf6 Nxf6 30. Bd4 Re8 31. Qd3 Ne4 32. a4 bxa4 33. b5 Qd5 34. Rxa4
Kd7 35. Raa1 Rg8 36. c4 Qf7 37. c5 Bf4 38. Be5+ Ke7 39. Bxf4 gxf4 40. f3 Qg7
41. Ra2 Qg3 42. Qf1 b6 43. fxe4 Kf6 44. e5+ Kg5 45. Rf2 1-0

[Event "AUT9798"]
[Site "Eichgraben"]
[Date "1997.11.07"]
[Round "3"]
[White "Chernin, A."]
[Black "Moser, G."]
[Result "1-0"]
[WhiteElo "2640"]
[BlackElo "2355"]
[PlyCount "99"]
[EventDate "1997.11.09"]

1. d4 f5 2. Nc3 Nf6 3. Bg5 d5 4. e3 c6 5. Bd3 Na6 6. Nf3 Nc7 7. O-O g6 8. Ne2
Bg7 9. Bf4 O-O 10. c4 e6 11. Qc2 dxc4 12. Bxc4 Ncd5 13. Be5 h6 14. a3 Kh7 15.
Rfe1 Rf7 16. Ng3 Ng4 17. Bxg7 Rxg7 18. b4 a5 19. Qb3 axb4 20. axb4 Rxa1 21.
Rxa1 Ngf6 22. Qb2 Qe7 23. Rb1 Bd7 24. Ne2 Be8 25. Nc1 f4 26. exf4 Nxf4 27. g3
N4d5 28. Nd3 Nb6 29. Ba2 Nfd5 30. Nc5 Qf6 31. Ne5 Nc8 32. Re1 Nd6 33. Ng4 Qg5
34. h3 Bf7 35. Nxe6 Bxe6 36. Rxe6 h5 37. Re5 Qd8 38. Nh2 Nf7 39. Re1 Qd6 40.
Nf3 Qf6 41. Bxd5 cxd5 42. Kg2 Nd6 43. Qa2 Nc4 44. Re6 Qf5 45. Qe2 g5 46. Nd2 g4
47. Nxc4 dxc4 48. Re5 Qf7 49. Qe4+ Kh6 50. Qe3+ 1-0

[Event "AUT9798"]
[Site "Eichgraben"]
[Date "1997.11.07"]
[Round "3"]
[White "Felsberger, A."]
[Black "Roth, P."]
[Result "1-0"]
[WhiteElo "2375"]
[BlackElo "2285"]
[PlyCount "71"]
[EventDate "1997.11.09"]

1. e4 d6 2. d4 Nf6 3. Nc3 g6 4. Nf3 Bg7 5. h3 O-O 6. Be3 c6 7. a4 Nbd7 8. Be2
e5 9. dxe5 Nxe5 10. O-O Nxf3+ 11. Bxf3 Be6 12. Qd2 d5 13. exd5 Nxd5 14. Nxd5
Bxd5 15. Bxd5 Qxd5 16. Qxd5 cxd5 17. c3 f5 18. Rfd1 f4 19. Bd4 Rf5 20. Kf1 a6
21. Bxg7 Kxg7 22. Rd4 Rc8 23. Rb4 Rf7 24. Re1 Rc4 25. Rxc4 dxc4 26. Re4 b5 27.
Ke2 Rf5 28. Re7+ Rf7 29. Rxf7+ Kxf7 30. Kf3 g5 31. Ke4 Ke6 32. h4 Kf6 33. axb5
axb5 34. hxg5+ Kxg5 35. f3 h6 36. Ke5 1-0

[Event "AUT9798"]
[Site "Eichgraben"]
[Date "1997.11.07"]
[Round "3"]
[White "Wittmann, W."]
[Black "Tscholowitsch, C."]
[Result "1-0"]
[WhiteElo "2405"]
[BlackElo "2215"]
[PlyCount "70"]
[EventDate "1997.11.09"]

1. e4 c5 2. Nf3 e6 3. d4 cxd4 4. Nxd4 a6 5. Bd3 Nf6 6. O-O Qc7 7. Qe2 Nc6 8.
Nxc6 dxc6 9. e5 Nd7 10. Re1 Nc5 11. Nc3 Nxd3 12. Qxd3 f5 13. exf6 gxf6 14. Ne4
Qg7 15. Bf4 Be7 16. Nd6+ Bxd6 17. Qxd6 Qe7 18. Qd3 Rg8 19. Rad1 e5 20. Bg3 Be6
21. f4 Rd8 22. Qe3 Rxd1 23. Rxd1 exf4 24. Qxf4 Kf7 25. Rf1 Rg6 26. Kh1 Bd5 27.
c4 Be6 28. b3 Qd7 29. Qb8 Rg8 30. Qe5 Rg6 31. Qh5 Kg7 32. Re1 Qf7 33. Qc5 Rg5
34. Qd6 Rf5 35. h3 Rg5 1-0

[Event "AUT9798"]
[Site "Eichgraben"]
[Date "1997.11.07"]
[Round "3"]
[White "Doppelhammer, H."]
[Black "Detter, P."]
[Result "1/2-1/2"]
[WhiteElo "2000"]
[BlackElo "2190"]
[PlyCount "27"]
[EventDate "1997.11.09"]

1. d4 d5 2. Nf3 Nf6 3. e3 Bg4 4. c4 c6 5. Nbd2 Nbd7 6. Be2 e6 7. h3 Bh5 8. O-O
Bd6 9. b3 O-O 10. Bb2 Qb8 11. Rc1 Re8 12. Re1 h6 13. Nh4 Bxe2 14. Rxe2 1/2-1/2

[Event "AUT9798"]
[Site "Eichgraben"]
[Date "1997.11.07"]
[Round "3"]
[White "Blatny, P."]
[Black "Atlas, V."]
[Result "1-0"]
[WhiteElo "2555"]
[BlackElo "2455"]
[PlyCount "111"]
[EventDate "1997.11.09"]

1. Nf3 c5 2. c4 e6 3. g3 b6 4. Bg2 Bb7 5. b3 Nf6 6. Bb2 Be7 7. O-O O-O 8. e3
Qc7 9. Nc3 a6 10. d4 cxd4 11. exd4 d5 12. cxd5 Nxd5 13. Rc1 Qd8 14. Ne5 Nxc3
15. Rxc3 Bxg2 16. Kxg2 Ra7 17. d5 Qxd5+ 18. Qxd5 exd5 19. Rd1 Rd8 20. Rcd3 b5
21. Rxd5 Rxd5 22. Rxd5 f6 23. Bd4 Rc7 24. Nd3 Kf7 25. Bc5 Rd7 26. Rxd7 Nxd7 27.
Bb4 Bxb4 28. Nxb4 Nc5 29. Kf3 Ke6 30. Ke3 Kd6 31. Nc2 Kd5 32. h4 g6 33. f3 a5
34. Na3 b4 35. Nc4 a4 36. Nb6+ Kc6 37. Nxa4 Nxa4 38. bxa4 Kb6 39. Kd4 Ka5 40.
g4 Kxa4 41. f4 Ka3 42. Kc5 f5 43. gxf5 gxf5 44. h5 Ka4 45. h6 Ka5 46. Kd4 Kb5
47. Kd5 Ka4 48. Kc4 Ka5 49. Kc5 Ka4 50. Kd6 b3 51. axb3+ Kxb3 52. Kc5 Ka4 53.
Kd5 Kb4 54. Ke6 Kc5 55. Kxf5 Kd6 56. Kf6 1-0

[Event "AUT9798"]
[Site "Eichgraben"]
[Date "1997.11.07"]
[Round "3"]
[White "Mohr, S."]
[Black "Penz, H."]
[Result "1/2-1/2"]
[WhiteElo "2400"]
[BlackElo "2390"]
[PlyCount "43"]
[EventDate "1997.11.09"]

1. d4 Nf6 2. c4 c5 3. d5 b5 4. cxb5 a6 5. e3 g6 6. Nc3 Bg7 7. a4 O-O 8. Nf3 d6
9. Ra3 axb5 10. Bxb5 Na6 11. O-O Nb4 12. e4 Ba6 13. Qe2 Nd7 14. Bg5 Nb6 15.
Bxa6 Rxa6 16. Rd1 Ra5 17. e5 Qd7 18. h4 dxe5 19. Nd2 Nc2 20. Nb3 Nd4 21. Rxd4
exd4 22. Nxa5 1/2-1/2

[Event "AUT9798"]
[Site "Eichgraben"]
[Date "1997.11.07"]
[Round "3"]
[White "Dueckstein, A."]
[Black "Thoma, R."]
[Result "1-0"]
[WhiteElo "2330"]
[BlackElo "2300"]
[PlyCount "61"]
[EventDate "1997.11.09"]

1. e4 e6 2. d4 d5 3. Nc3 Bb4 4. e5 b6 5. Qg4 Bf8 6. h4 Qd7 7. Rh3 Ba6 8. Bxa6
Nxa6 9. Qe2 Nb8 10. Nf3 c5 11. Be3 c4 12. b3 b5 13. bxc4 bxc4 14. Rb1 Ne7 15.
h5 h6 16. Nh4 Nbc6 17. Kf1 Rb8 18. Rxb8+ Nxb8 19. Bc1 Nbc6 20. Qg4 Nb4 21. Qd1
Qb7 22. g4 g6 23. hxg6 fxg6 24. Ng2 Bg7 25. Nf4 Qc6 26. Ba3 a5 27. Qe1 Rf8 28.
Nce2 Kd7 29. c3 g5 30. Ng6 Qa4 31. Nxf8+ 1-0

[Event "AUT9798"]
[Site "Eichgraben"]
[Date "1997.11.07"]
[Round "3"]
[White "Feistenauer, F."]
[Black "Bawart, M."]
[Result "1/2-1/2"]
[WhiteElo "2315"]
[BlackElo "2325"]
[PlyCount "28"]
[EventDate "1997.11.09"]

1. Nc3 d5 2. e4 dxe4 3. Nxe4 Bf5 4. Ng3 Bg6 5. Nf3 Nf6 6. Bc4 e6 7. h4 Nh5 8.
Nf1 Bd6 9. d3 h6 10. Qe2 Nd7 11. g3 Qf6 12. Rg1 O-O-O 13. N1d2 e5 14. Ne4 Qe7
1/2-1/2

[Event "AUT9798"]
[Site "Eichgraben"]
[Date "1997.11.07"]
[Round "3"]
[White "Janetschek, K."]
[Black "Gaertner, G."]
[Result "1/2-1/2"]
[WhiteElo "2305"]
[BlackElo "2340"]
[PlyCount "26"]
[EventDate "1997.11.09"]

1. e4 c5 2. Nf3 e6 3. d4 cxd4 4. Nxd4 Nf6 5. Nc3 Nc6 6. Be2 Bb4 7. O-O O-O 8.
Qd3 d5 9. exd5 Nxd5 10. Nxd5 Qxd5 11. Nxc6 Qxc6 12. Bf3 Qc7 13. Rd1 Bc5 1/2-1/2

[Event "AUT9798"]
[Site "Eichgraben"]
[Date "1997.11.07"]
[Round "3"]
[White "Grabher, H."]
[Black "Zoebisch, H."]
[Result "1/2-1/2"]
[WhiteElo "2260"]
[BlackElo "2255"]
[PlyCount "81"]
[EventDate "1997.11.09"]

1. e4 e5 2. Nf3 Nc6 3. Bc4 Bc5 4. c3 Nf6 5. d3 a6 6. O-O Ba7 7. Nbd2 O-O 8. Bb3
d5 9. exd5 Nxd5 10. Nc4 Re8 11. Ng5 f6 12. Nd6 Qxd6 13. Qh5 Bf5 14. Ne4 Qd7 15.
Bxd5+ Qxd5 16. Qxf5 Rad8 17. Be3 Qxd3 18. Bxa7 Nxa7 19. Qg4 Kh8 20. Rad1 Qb5
21. h4 Nc8 22. h5 Nd6 23. h6 Qd7 24. Qh4 Qf5 25. hxg7+ Kxg7 26. Nxd6 Rxd6 27.
Rxd6 cxd6 28. Qb4 Qd7 29. Rd1 d5 30. Rd3 Kh8 31. Qc5 Rd8 32. Qb6 Qe7 33. Rf3
Rd6 34. Qc5 Qd8 35. Rg3 d4 36. cxd4 Rxd4 37. Qc3 Rd1+ 38. Kh2 Rd4 39. Kg1 Rd1+
40. Kh2 Rd4 41. Kg1 1/2-1/2

[Event "AUT9798"]
[Site "Eichgraben"]
[Date "1997.11.07"]
[Round "3"]
[White "Popovic, P."]
[Black "Hoelzl, F."]
[Result "1-0"]
[WhiteElo "2545"]
[BlackElo "2440"]
[PlyCount "45"]
[EventDate "1997.11.09"]

1. e4 c5 2. Nf3 d6 3. Bc4 Nf6 4. d3 Nc6 5. O-O Bg4 6. h3 Bxf3 7. Qxf3 Qd7 8.
Bg5 Ne5 9. Qe2 Nxc4 10. dxc4 g6 11. Bxf6 exf6 12. Nc3 O-O-O 13. Rad1 f5 14.
exf5 Qxf5 15. Rd5 Qe6 16. Qd2 f5 17. b4 Be7 18. Re1 Qf6 19. Rd3 Rhe8 20. Nd5
Qf8 21. Rb1 Kb8 22. bxc5 dxc5 23. Qa5 1-0

[Event "AUT9798"]
[Site "Eichgraben"]
[Date "1997.11.07"]
[Round "3"]
[White "Horvath, J."]
[Black "Herzog, A."]
[Result "1-0"]
[WhiteElo "2525"]
[BlackElo "2420"]
[PlyCount "67"]
[EventDate "1997.11.09"]

1. d4 Nf6 2. Nf3 g6 3. c4 Bg7 4. g3 O-O 5. Bg2 d6 6. Nc3 Nbd7 7. O-O e5 8. e4
h6 9. h3 a6 10. Re1 Rb8 11. Be3 b5 12. cxb5 axb5 13. b4 Nh5 14. Qc2 c6 15. Rad1
Qf6 16. Qd2 Kh7 17. dxe5 Nxe5 18. Nxe5 dxe5 19. Bc5 Re8 20. Qd6 Ra8 21. Qc7 Bf8
22. Bxf8 Rxf8 23. Rd6 Be6 24. Qxc6 Rac8 25. Nd5 Qg5 26. Qxb5 Bxh3 27. Bxh3 Nxg3
28. Nf6+ Kg7 29. Ng4 Rfe8 30. fxg3 h5 31. Nf2 Qxg3+ 32. Bg2 Rc2 33. Rf1 h4 34.
Rd3 1-0

[Event "AUT9798"]
[Site "Eichgraben"]
[Date "1997.11.07"]
[Round "3"]
[White "Steflitsch, E."]
[Black "Lendwai, R."]
[Result "1-0"]
[WhiteElo "2305"]
[BlackElo "2375"]
[PlyCount "77"]
[EventDate "1997.11.09"]

1. e4 c5 2. Nf3 d6 3. d4 Nf6 4. Nc3 cxd4 5. Nxd4 a6 6. Bg5 e6 7. f4 Qb6 8. Nb3
Nbd7 9. Qe2 Qc7 10. g3 b5 11. a3 Bb7 12. Bg2 Be7 13. O-O-O h6 14. Bxf6 Bxf6 15.
e5 dxe5 16. Rxd7 Qxd7 17. Nc5 Bxg2 18. Nxd7 Bxh1 19. Nxf6+ gxf6 20. fxe5 fxe5
21. Qxe5 Ke7 22. Nd1 Rhg8 23. Nf2 Bd5 24. Qc7+ Kf8 25. Qf4 Rg6 26. Ng4 Kg7 27.
h4 f6 28. h5 e5 29. Qb4 Rxg4 30. Qxg4+ Kf8 31. Qg6 Ke7 32. Qxh6 Rg8 33. Qe3 Ke6
34. h6 Rh8 35. g4 e4 36. Qf4 Bc6 37. Qf5+ Ke7 38. g5 fxg5 39. Qe5+ 1-0

[Event "AUT9798"]
[Site "Eichgraben"]
[Date "1997.11.07"]
[Round "3"]
[White "Sommerbauer, N."]
[Black "Schumi, M."]
[Result "1-0"]
[WhiteElo "2395"]
[BlackElo "2245"]
[PlyCount "73"]
[EventDate "1997.11.09"]

1. Nf3 Nf6 2. c4 g6 3. Nc3 Bg7 4. e4 d6 5. d4 O-O 6. h3 e5 7. d5 Na6 8. Bg5 h6
9. Be3 Qe8 10. g4 Nc5 11. Nd2 Nfd7 12. b4 f5 13. gxf5 gxf5 14. exf5 Na6 15. a3
Nf6 16. Rg1 Kh8 17. Nde4 Bxf5 18. Bd3 Nh5 19. Bc2 Rd8 20. Qd2 Nf4 21. O-O-O Qf7
22. Ne2 c6 23. Nxf4 exf4 24. Bd4 Rg8 25. Rxg7 Rxg7 26. Qxf4 Qg6 27. f3 Bxe4 28.
Bxe4 Qg5 29. Qxg5 hxg5 30. h4 c5 31. Bf6 Rf8 32. hxg5 cxb4 33. axb4 Rxf6 34.
gxf6 Rg2 35. Bf5 Rh2 36. Rg1 Nxb4 37. f7 1-0

[Event "AUT9798"]
[Site "Eichgraben"]
[Date "1997.11.07"]
[Round "3"]
[White "Petschar, K."]
[Black "Schweda, R."]
[Result "0-1"]
[WhiteElo "2270"]
[BlackElo "2370"]
[PlyCount "36"]
[EventDate "1997.11.09"]

1. e4 c5 2. Nc3 d6 3. f4 g6 4. Nf3 Bg7 5. Bb5+ Bd7 6. a4 Nc6 7. O-O e6 8. Bxc6
Bxc6 9. f5 gxf5 10. d3 Ne7 11. Bg5 Qd7 12. Bxe7 Qxe7 13. exf5 O-O-O 14. fxe6
fxe6 15. Qe2 Rhg8 16. Rf2 Rdf8 17. a5 Bd4 18. Nxd4 Rxf2 0-1

[Event "AUT9798"]
[Site "Eichgraben"]
[Date "1997.??.??"]
[Round "4"]
[White "Weinzettl, E."]
[Black "Volkmann, F.K."]
[Result "1-0"]
[WhiteElo "2365"]
[BlackElo "2405"]
[PlyCount "93"]
[EventDate "1997.11.09"]

1. e4 c5 2. Nf3 Nc6 3. d4 cxd4 4. Nxd4 Nf6 5. Nc3 e5 6. Ndb5 d6 7. Nd5 Nxd5 8.
exd5 Ne7 9. c3 Nf5 10. a4 Be7 11. Bd3 Nh4 12. O-O O-O 13. f4 a6 14. Na3 exf4
15. Bxf4 Ng6 16. Bg3 Ne5 17. Be2 Bh4 18. Bxh4 Qxh4 19. Qd4 Qg5 20. Kh1 f5 21.
Nc4 Nxc4 22. Bxc4 f4 23. Be2 Bg4 24. Bxg4 Qxg4 25. Rae1 Rf7 26. Re6 Raf8 27.
Qe4 Rf6 28. c4 Qg6 29. Qxg6 Rxg6 30. Re7 b5 31. cxb5 axb5 32. a5 Rg5 33. a6
Rxd5 34. a7 Ra8 35. Rb7 Rf5 36. Ra1 h6 37. Rb8+ Rf8 38. Rxb5 Kh7 39. b4 Rf7 40.
Rba5 Rb7 41. b5 Kg8 42. Kg1 Kf7 43. Kf2 Ke6 44. Kf3 Kd5 45. b6+ Kc4 46. Rc1+
Kb4 47. Ra2 1-0